| Поле | Инд. | ПП | Название | Значение |
|---|---|---|---|---|
| Тип записи | a | |||
| Библиографический уровень | m | |||
| 001 | Контрольный номер | 345e79f8-39b3-4037-bdf5-66eb15371f25 | ||
| 005 | Дата корректировки | 20140226203252.3 | ||
| 008 | Кодируемые данные | 990812 d | ||
| 020 | a | ISBN | 5-88119-012-2 | |
| c | Цена, тираж | 20.00 | ||
| 040 | a | Служба первич. каталог. | НБ ТвГУ | |
| 041 | a | Код языка текста | rus | |
| 080 | a | Индекс УДК | 532(075.8) | |
| a | Индекс УДК | 539.3(075.8) | ||
| 084 | a | Индекс другой классификации/Индекс ББК | В25я731-1 | |
| 090 | c | Каталожный индекс | В25я731-1 | |
| x | Авторский знак | Г59 | ||
| a | Полочн. индекс | В25 | ||
| 100 | 1_ | a | Автор | Годунов Сергей Константинович |
| 245 | 0_ | a | Заглавие | Элементы механики сплошных сред и законы сохранения |
| b | Продолж. заглавия | Учеб. пособие для студентов физ. и мат. спец. вузов | ||
| c | Ответственность | С.К. Годунов, Е.И. Роменский | ||
| 260 | 0_ | a | Место издания | Новосибирск |
| b | Издательство | Науч. кн. | ||
| c | Дата издания | 1998 | ||
| 300 | a | Объем | 267 с. | |
| b | Иллюстрации/ тип воспроизводства | ил. | ||
| 440 | a | Серия | Унив. сер. | |
| 490 | _0 | x | ISSN серии | Т. 4 |
| 504 | a | Библиография | Библиогр.: с.265-267. | |
| 583 | a | Действие | Получение впервые 242 02.04.99 | |
| k | Исполнитель действия | Дар РГГУ | ||
| 650 | a | Основная рубрика | Сплошные среды | |
| x | Основная подрубрика | Механика | ||
| x | Основная подрубрика | Учебники для вузов | ||
| 650 | a | Основная рубрика | Сохранения законы | |
| 653 | a | Ключевые слова | Сплошные среды | |
| a | Ключевые слова | Механика сплошных сред | ||
| a | Ключевые слова | Законы сохранения | ||
| 700 | 1_ | a | Другие авторы | Роменский Евгений Игоревич |
| 852 | t | Порядковый номер экземпляра | 1 | |
| p | Инвентарный номер | 708444 | ||
| 888 | a | Бесплатные | ||
| 930 | a | Новая/Ретро | учебники | |
| 952 | p | 242.99 20.00 1 708444 | ||
| c | Вид литературы | К ру | ||
| 954 | a | Дата поступления на обработку | 19990402 | |
| 999 | a | Подразделение 2 | Фил3 |